00338nam a2200121Ia 4500008004000000020001800040082001900058100002400077245004100101260004100142300001100183650002200194210210b1985 xxu||||| |||| 00| 0 eng d a0 7069 2624 2 a321.80954 NANG aNANDA (S) & Others. aGovernment & administration in India aNDbMadhuban educational booksc1985 avi,139 aIndian Government